000 00399nam a2200157Ia 4500
005 20240807062551.0
008 240806s9999||||xx |||||||||||||| ||eng||
041 _aeng
082 _a294.59215
_bMISA
100 _aRajchatra Mishra
245 0 _aArthvarved mein sanskritik tatva /
_cRajchatra Mishra
260 _bAnand Prakashan Allahabad
300 _a0
650 _aAnc. History
942 _cBK
999 _c22790
_d22790